| 000 | 01007nam a22002057a 4500 | ||
|---|---|---|---|
| 003 | OSt | ||
| 005 | 20260408095308.0 | ||
| 008 | 260408b |||||||| |||| 00| 0 spa d | ||
| 082 | _29789875222762. | ||
| 100 | _aCarlos Alberto Campos Salvá. | ||
| 245 | _aDiccionario Michigan (Español-Inglés / Inglés-Español) | ||
| 250 | _a1ra edición | ||
| 260 |
_abuenos aires _bvisor E.A.S.A.. _c2006 |
||
| 300 |
_a230 PAG _c25X23 CM |
||
| 490 | _3Papel de gramaje estándar | ||
| 520 | _aEl libro funciona como un diccionario bilingüe bidireccional. Su objetivo es facilitar la traducción y comprensión de términos básicos y cotidianos entre el español y el inglés, proporcionando equivalencias directas, categorías gramaticales (sustantivo, verbo, adjetivo) y, en muchos casos, ejemplos de uso o frases idiomáticas. | ||
| 650 |
_aSección Inglés - Español ,Sección Español - Inglés _vGuía de Pronunciación , Abreviaturas |
||
| 700 | _aCarlos Alberto Campos Salvá | ||
| 942 |
_2ddc _cBKA _e1 _n0 |
||
| 999 |
_c2053 _d2053 |
||